Library of the University of Algiers 3
Ibrahim Sultan Cheibout
شعار جامعة الجزائر 3
مكتبة جامعة الجزائر 3
إبراهيم سلطان شيبوط

التحفيز و مهارات تطوير الذات (رقم التسجيلة. 13750)

تفاصيل مارك
000 -LEADER
fixed length control field 00595nam a2200205Ia 4500
003 - CONTROL NUMBER IDENTIFIER
control field IEPS
005 - DATE AND TIME OF LATEST TRANSACTION
control field 20250703135328.0
008 - FIXED-LENGTH DATA ELEMENTS--GENERAL INFORMATION
fixed length control field 250223s9999||||xx |||||||||||||| ||und||
020 ## - INTERNATIONAL STANDARD BOOK NUMBER
International Standard Book Number 9789957223588
040 ## - CATALOGING SOURCE
-- IEPS
041 ## - LANGUAGE CODE
Language code of text/sound track or separate title ara
082 ## - DEWEY DECIMAL CLASSIFICATION NUMBER
Classification number 158.4
100 ## - MAIN ENTRY--PERSONAL NAME
Personal name الناطور فايز عبد الكريم
245 #0 - TITLE STATEMENT
Title التحفيز و مهارات تطوير الذات
260 ## - PUBLICATION, DISTRIBUTION, ETC.
Place of publication, distribution, etc. عمان
Name of publisher, distributor, etc. دار أسامة للنشر و التوزيع
Date of publication, distribution, etc. 2016
300 ## - PHYSICAL DESCRIPTION
Extent 248 ص.
Dimensions 24 سم.
653 ## - INDEX TERM--UNCONTROLLED
Uncontrolled term الشخصية
653 ## - INDEX TERM--UNCONTROLLED
Uncontrolled term سيكولوجية الشخصية
942 ## - ADDED ENTRY ELEMENTS (KOHA)
Koha item type كتب
المقتنيات
Withdrawn status Lost status Source of classification or shelving scheme Damaged status Not for loan Home library Current library Date acquired Inventory number Total checkouts Full call number Barcode Date last seen Copy number Price effective from Koha item type
    Dewey Decimal Classification   NOT LOAN / إعارة داخلية مكتبة معهد التربية البدنية و الرياضية مكتبة معهد التربية البدنية و الرياضية 23/02/2025 invar6193   158.4 ا ف ت / 1 invar6193 23/02/2025 ل ع 2070 / 1 23/02/2025 كتب
    Dewey Decimal Classification   Available مكتبة معهد التربية البدنية و الرياضية مكتبة معهد التربية البدنية و الرياضية 23/02/2025 invar6194   158.4 ا ف ت / 2 invar6194 23/02/2025 ل ع 2070 / 2 23/02/2025 كتب
    Dewey Decimal Classification   Available مكتبة معهد التربية البدنية و الرياضية مكتبة معهد التربية البدنية و الرياضية 23/02/2025 invar6195   158.4 ا ف ت / 3 invar6195 23/02/2025 ل ع 2070 / 3 23/02/2025 كتب
    Dewey Decimal Classification   Available مكتبة معهد التربية البدنية و الرياضية مكتبة معهد التربية البدنية و الرياضية 23/02/2025 invar6196   158.4 ا ف ت / 4 invar6196 23/02/2025 ل ع 2070 / 4 23/02/2025 كتب

موارد الويب المفتوحة


© University of Algiers 3 All Rights Reserved
|
Implemented by LECHELAH Riad